Reconnais et nomme ces artistes francophones VOL2 - Statistiques

Statistiques générales
  • Ce quiz a été pris 59 fois
  • Le résultat moyen est 9 sur 16
Statistiques - réponses
Par images Réponse % Correct
Stromae
96%
Soprano
92%
Indila
90%
Orelsan
86%
Jérémy Frérot
76%
Roméo Elvis
75%
Nekfeu
69%
Joyce Jonathan
67%
Bob Sinclar
63%
Gaëtan Roussel
59%
Patricia Kaas
59%
Jordy
37%
Oxmo Puccino
37%
Emma Daumas
22%
Camille
20%
Emilie Simon
0%
Aucun quiz correspondant
Distribution des résultats
% des personnes avec chaque résultat
Percentile par nombre de réponses
Votre historique - résultats
Vous n’avez pas pris ce quiz